Online
Catalog

Baladas a dos cuerdas / (Record no. 5723)

MARC details
000 -CABECERA
campo de control de longitud fija 00806cam a2200229 a 4500
001 - NÚMERO DE CONTROL
campo de control 000005927
005 - FECHA Y HORA DE LA ÚLTIMA TRANSACCIÓN
campo de control 20200929151837.0
008 - DATOS DE LONGITUD FIJA--INFORMACIÓN GENERAL
campo de control de longitud fija 791009s1979 sp 000 0 spa
020 ## - NÚMERO INTERNACIONAL ESTÁNDAR DEL LIBRO
Número Internacional Estándar del Libro 8400044207
040 ## - FUENTE DE LA CATALOGACIÓN
Centro catalogador/agencia de origen DO-SdBNP
Lengua de catalogación spa
Centro/agencia transcriptor BNPHU
082 ## - NÚMERO DE LA CLASIFICACIÓN DECIMAL DEWEY
Número de clasificación 861.64
Número de documento/Ítem T277b
100 1# - ENTRADA PRINCIPAL--NOMBRE DE PERSONA
Nombre de persona Tello Aina, Rosendo,
Fechas asociadas al nombre 1931-
9 (RLIN) 16713
245 10 - MENCIÓN DE TÍTULO
Título Baladas a dos cuerdas /
Mención de responsabilidad, etc. Rosendo Tello Aina.
260 ## - PUBLICACIÓN, DISTRIBUCIÓN, ETC.
Lugar de publicación, distribución, etc. Zaragoza, España :
Nombre del editor, distribuidor, etc. Institución "Fernando el Católico",
Fecha de publicación, distribución, etc. 1979.
300 ## - DESCRIPCIÓN FÍSICA
Extensión 74 p. ;
Dimensiones 25 cm.
490 1# - MENCIÓN DE SERIE
Mención de serie San Jorge
Designación de volumen o secuencia vol. 20
490 1# - MENCIÓN DE SERIE
Mención de serie Publicación de la Institución "Fernando el Católico"
Designación de volumen o secuencia 707
650 #4 - PUNTO DE ACCESO ADICIONAL DE MATERIA--TÉRMINO DE MATERIA
Término de materia o nombre geográfico como elemento de entrada Baladas españolas
9 (RLIN) 16714
650 #4 - PUNTO DE ACCESO ADICIONAL DE MATERIA--TÉRMINO DE MATERIA
Término de materia o nombre geográfico como elemento de entrada Literatura española
Subdivisión cronológica SIGLO XXI
9 (RLIN) 4846
830 #0 - PUNTO DE ACCESO ADICIONAL DE SERIE-TÍTULO UNIFORME
Título uniforme San Jorge
Número de parte o sección de la obra 20
9 (RLIN) 16715
830 #0 - PUNTO DE ACCESO ADICIONAL DE SERIE-TÍTULO UNIFORME
Título uniforme Publicación de la Institución "Fernando el Católico"
Número de parte o sección de la obra 707
9 (RLIN) 16716
Holdings
Estado de retiro Estado de pérdida Restricciones de uso No para préstamo Código de colección Localización permanente Ubicación/localización actual Ubicación en estantería Fecha de adquisición Número de inventario Total de préstamos Signatura topográfica completa Código de barras Fecha visto por última vez Precio válido a partir de Tipo de ítem Koha Número de copia
      Excluido de préstamo Monografías: Libros y Folletos General General Depósito 24.08.2009 LF1   861.64 T277b 5927-10 25.06.2020 25.06.2020 No se presta  
  Extraviado   Excluido de préstamo Monografías: Libros y Folletos General General Extraviado 19.05.2017 LF1   861.64 T277b 5927-20 25.06.2020 25.06.2020 No se presta e. 2

Powered by Koha